00540nam a2200133 a 4500008004100000050001800041110006000059245007700119260006300196300001200259650005200271650005300323710003000376130708s2012 ||||||||||||||||| || u aHC 79.C63 Why aCompetition and Consumer Protection Commission (Zambia)10aWhy should Zambian consumers be interested in competition policy and law aLusakabCompetion and Consumer Protection Commissionc2012 aiv, 45p aINDEPENDENT CONSUMER AND COMPETITION COMMISSION aCONSUMER PROTECTION--LAW AND LEGISLATION--ZAMBIA aCUTS International Lusaka